Greek lessons /

"In a classroom in Seoul, a young woman watches her Greek language teacher at the blackboard. She tries to speak but has lost her voice. Her teacher finds himself drawn to the silent woman, for day by day he is losing his sight. Soon the two discover a deeper pain binds them together. For her,...

Full description

Bibliographic Details
Main Author: Han, Kang, 1970- (Author)
Other Authors: Smith, Deborah, 1987- (Translator), Yae Won, Emily (Translator)
Format: Book
Language:English
Korean
Published: London ; India : Penguin Books ; Replika Press, 2024
Subjects:
Classic Catalogue: View this record in Classic Catalogue
LEADER 02818nam a22004337a 4500
001 44797
003 BD-DhAAL
005 20250922105358.0
008 250916t2023 enk 000 1 eng
010 |a  2022055695 
020 |a 9780241997062 
020 |a 9780593595275 
020 |z 9780593595282 
035 |a 22883962 
040 |a DLC  |b eng  |e rda  |c DLC  |d DLC  |d BD-DhAAL 
041 1 |a eng  |h kor 
042 |a pcc 
050 0 0 |a PL992.26.K36  |b H8513 2023 
082 0 0 |a 895.735  |2 23 
100 1 |a Han, Kang,  |d 1970-  |e author.  |9 58664 
245 1 0 |a Greek lessons /  |c Han Kang ; translated by Deborah Smith and Emily Yae Won. 
260 |a London ;  |a India :  |b Penguin Books ;  |b Replika Press,  |c 2024 
300 |a 147 pages ;  |c 22 cm 
520 |a "In a classroom in Seoul, a young woman watches her Greek language teacher at the blackboard. She tries to speak but has lost her voice. Her teacher finds himself drawn to the silent woman, for day by day he is losing his sight. Soon the two discover a deeper pain binds them together. For her, in the space of just a few months, she has lost both her mother and the custody battle for her nine-year-old son. For him, it's the pain of growing up between Korea and Germany, being torn between two cultures and languages, and the fear of losing his independence. Greek Lessons tells the story of two ordinary people brought together at a moment of private anguish-the fading light of a man losing his vision meeting the silence of a woman who has lost her language. Yet these are the very things that draw them to each other. Slowly the two discover a profound sense of unity-their voices intersecting with startling beauty, as they move from darkness to light, from silence to breath and expression"-- 
541 |a Donated by Farhana Zahir, Assistant Professor, BRAC Business School, BRAC University  |e 44797 
546 |a Translated from the Korean. 
586 |a Nobel Prize in Literature, 2024. 
600 |a Han, Kang,  |d 1970-  |x Korean Literature  |x Individual works in translation.  |9 59359 
650 |a Divorced women  |v Fiction.  |9 59355 
650 |a Language teachers  |v Fiction.  |9 59356 
650 |a Mute persons  |v Fiction.  |9 59357 
651 |a Seoul (Korea)  |v Fiction.  |9 59358 
655 7 |a Novels. 
700 1 |a Smith, Deborah,  |d 1987-  |e translator.  |9 59348 
700 1 |a Yae Won, Emily,  |e translator.  |9 58666 
852 |a Ayesha Abed Library  |c General Stacks 
942 |2 ddc  |c BK 
999 |c 47549  |d 47549 
952 |0 0  |1 0  |2 ddc  |4 0  |6 895_735000000000000_HAN  |7 0  |9 78207  |a BRACUL  |b BRACUL  |c AWC  |d 2025-09-16  |e Donated by Farhana Zahir, Assistant Professor, BRAC Business School, BRAC University  |g 965.70  |l 5  |o 895.735 HAN  |p 3010044797  |r 2026-03-08  |s 2026-03-03  |t 1  |v 1391.00  |w 2025-09-16  |y AWC  |x Donated by Farhana Zahir, Assistant Professor, BRAC Business School, BRAC University; MRP₹ 699